Statistics for Hardest multiple choice

Click here to take the quiz!

General Stats

  • This quiz has been taken 31 times
  • The average score is 6 of 15

Answer Stats

QuestionAnswer% Correct
What is the antonym of { Ratify }?Veto
79%
The quotes: "the way i see it if you want the rainbow, you gotta put up with the rain." is said by:Dolly Parton
75%
The synonym of Cordial is:Kind
67%
6/2(1+2)=9
54%
If a university set up a web based information system, that would be an example of:Intranet
54%
Philosophy that studies concepts such as existence, being, becoming, and reality.it's called:Ontology
50%
In physics, mechanics can be:Statics, dynamics
33%
What is the capital city of Kiribati?Tarawa
33%
1 cm = ? dcm0.1
29%
The mass number of Sn is chemical table is:50
21%
Suppose the growth rate of the firm's profit is 5%, the interest rate is 6%, and the current profits of the firm are 80 million dollars: What is the value of the firm?$8,480 million
21%
In economics, Suppose total benefits and total costs are given by B(Y) = 100Y - 8Y2 and C(Y) = 10Y2. What level of Y will yield the maximum net benefits?100/36
17%
What is the name of chemical elements use for Varnishes:Butyric acid
17%
In Greek methodology , The name of Stribog is related to the god of:Winds
17%
The area of Victoria lake in Africa is?68800 km2
13%

Score Distribution

Percentile by Number Answered

Percent of People with Each Score

Your Score History

You have not taken this quiz